00284nam a2200085 4500100002800000245007800028260002600106300000700132650005900139 aDilshani R.Samarasinghe aNatural Performance enhancing Substances in Sports A Chemical Perspective aColombobICHEMCc2015 a21 a enhancing Substances in Sports A Chemical Perspective